[Event "NOR-ch U14"]
[Site "Tromsoe"]
[Date "2016.07.15"]
[Round "8"]
[White "Bo, Bjorn Magnus"]
[Black "Johansen, Mikkel Li"]
[Result "1/2-1/2"]
[WhiteElo "1504"]
[BlackElo "984"]
[PlyCount "103"]
[EventDate "2016.07.09"]
[EventType "swiss"]
[EventRounds "9"]
[EventCountry "NOR"]
[SourceTitle "EXT 2024"]
[Source "ChessBase"]
[SourceDate "2023.10.10"]
[SourceVersion "1"]
[SourceVersionDate "2023.10.10"]
[SourceQuality "1"]

1. d4 d5 2. c4 c6 3. Nc3 Nf6 4. Nf3 Bf5 5. Bg5 Nbd7 6. e3 e6 7. Bd3 dxc4 8. Bxc4 Be7 9. 0-0 0-0 10. Re1 Nb6 11. Bd3 Bg4 12. Ne4 Nxe4 13. Bxe7 Nxf2 14. Bxd8 Nxd1 15. Bxb6 Nxb2 16. Bxh7+ Kxh7 17. Bc5 Nd3 18. Bxf8 Nxe1 19. Rxe1 Rxf8 20. Ne5 Bf5 21. e4 Bg6 22. Rb1 Bxe4 23. Rxb7 c5 24. Rxa7 cxd4 25. Rxf7 Rxf7 26. Nxf7 Kg6 27. Ne5+ Kf5 28. Nf3 d3 29. Kf2 Kg4 30. h3+ Kf4 31. g3+ Kf5 32. Ke3 Bd5 33. a4 e5 34. Ne1 e4 35. Ng2 g5 36. Kd2 Ke5 37. Ne3 Bc6 38. a5 Bb5 39. Nd1 Kd4 40. Ne3 Kc5 41. Kc3 Ba6 42. Kd2 Kb4 43. Ng4 Bc8 44. Nf2 Bf5 45. h4 gxh4 46. gxh4 Kxa5 47. h5 Kb5 48. h6 Kc4 49. Ng4 Kd4 50. Ne3 Bg6 51. Ng4 Bh7 52. Ne3 1/2-1/2

[Event "Konnerud GP B"]
[Site "Konnerud"]
[Date "2015.11.22"]
[Round "5"]
[White "Tenold, Andreas"]
[Black "Bo, Bjorn Magnus"]
[Result "0-1"]
[WhiteElo "1543"]
[BlackElo "1383"]
[PlyCount "32"]
[EventDate "2015.11.21"]
[EventType "swiss"]
[EventRounds "5"]
[EventCountry "NOR"]
[SourceTitle "EXT 2024"]
[Source "ChessBase"]
[SourceDate "2023.10.10"]
[SourceVersion "1"]
[SourceVersionDate "2023.10.10"]
[SourceQuality "1"]

1. e4 e5 2. Nf3 Nc6 3. d4 exd4 4. Bc4 Nf6 5. e5 Qe7 6. 0-0 Ng4 7. Bg5 Qb4 8. Bb3 Be7 9. Bxe7 Qxe7 10. Nxd4 Nxd4 11. Qxd4 Nxe5 12. f4 Ng4 13. Qxg7 Qe3+ 14. Kh1 Nf2+ 15. Kg1 Nh3+ 16. Kh1 Qg1+ 0-1

[Event "NOR-ch U12"]
[Site "Oslo"]
[Date "2015.07.07"]
[Round "5"]
[White "Bo, Bjorn Magnus"]
[Black "Nielsen, Andre"]
[Result "0-1"]
[WhiteElo "978"]
[BlackElo "1842"]
[PlyCount "58"]
[EventDate "2015.07.04"]
[EventType "swiss"]
[EventRounds "9"]
[EventCountry "NOR"]
[SourceTitle "EXT 2017"]
[Source "ChessBase"]
[SourceDate "2016.10.25"]
[SourceVersion "1"]
[SourceVersionDate "2016.10.25"]
[SourceQuality "1"]

1. e4 c5 2. Nf3 d6 3. d4 cxd4 4. Nxd4 Nf6 5. Nc3 g6 6. Bg5 Bg7 7. Bc4 0-0 8. Bb3 h6 9. Bh4 g5 10. Bg3 Nc6 11. Nxc6 bxc6 12. e5 Nd7 13. exd6 exd6 14. 0-0 d5 15. Rb1 Nc5 16. f4 Bxc3 17. bxc3 a5 18. a3 a4 19. Ba2 Ne4 20. Qe1 Ba6 21. Rf3 g4 22. Re3 f5 23. Rd1 Qb6 24. Rb1 Qc5 25. Rb4 Rfe8 26. Kh1 Nxg3+ 27. Qxg3 Qxe3 28. Qxe3 Rxe3 29. g3 Rae8 0-1